LEADER 00921nam0-22002891i-450- 001 990007992570403321 005 20060301142001.0 035 $a000799257 035 $aFED01000799257 035 $a(Aleph)000799257FED01 035 $a000799257 100 $a20050126d1911----km-y0itay50------ba 101 0 $aita 102 $aIT 105 $ay---n---101yy 200 1 $a<>lavoro a domicilio in Milano$esaggio di un'inchiesta compiuta nel 1908$ediscussione dei risultati nella seduta del 2 maggio 1911$eatti del Museo sociale della Società umanitaria in Milano 210 $aMilano$cSocietà Umanitaria$d1911 215 $a80 p.$d26 cm 676 $a344$v21$zita 710 02$aSocietà Umanitaria$072152 801 0$aIT$bUNINA$gRICA$2UNIMARC 901 $aBK 912 $a990007992570403321 952 $aVII F 113$b1093$fFGBC 959 $aFGBC 996 $aLavoro a domicilio in Milano$9751835 997 $aUNINA LEADER 01143nam0 22003131i 450 001 SUN0006671 005 20050810120000.0 010 $a88-15-01817-4 020 $aIT$b90 4748 100 $a20020821d1988 |0itac50 ba 101 $aita 102 $aIT 105 $a|||| ||||| 200 1 $aˆLa ‰proposta politica di De Gasperi$fPietro Scoppola 205 $a3. ed 210 $aBologna$cIl mulino$d1988 215 $a351 p.$d22 cm. 410 1$1001SUN0004041$12001 $aSaggi$v338$1210 $aBologna$cIl mulino. 606 $aDe_Gasperi, Alcide$2FI$3SUNC004051 620 $dBologna$3SUNL000003 676 $a945.0920924$v21 700 1$aScoppola$b, Pietro$3SUNV005356$0139846 712 $aIl mulino$3SUNV000011$4650 801 $aIT$bSOL$c20181109$gRICA 912 $aSUN0006671 950 $aUFFICIO DI BIBLIOTECA DEL DIPARTIMENTO DI GIURISPRUDENZA$d00 CONS VIII.Eh.229 $e00 20250 995 $aUFFICIO DI BIBLIOTECA DEL DIPARTIMENTO DI GIURISPRUDENZA$h20250$kCONS VIII.Eh.229$op$qa 996 $aProposta politica di De Gasperi$9538513 997 $aUNICAMPANIA LEADER 01937nam 22004213u 450 001 9910778578103321 005 20230721023005.0 010 $a1-282-31912-4 010 $a9786612319129 010 $a1-60623-322-X 035 $a(CKB)1000000000804214 035 $a(EBL)460406 035 $a(OCoLC)646835607 035 $a(MiAaPQ)EBC460406 035 $a(EXLCZ)991000000000804214 100 $a20130729d2009|||| u|| | 101 0 $aeng 135 $aur|n|---||||| 200 14$aThe Craft of Life Course Research$b[electronic resource] 210 $aNew York $cGuilford Publications$d2009 215 $a1 online resource (384 p.) 300 $aDescription based upon print version of record. 311 $a1-60623-321-1 327 $aFront matter; Contents; Chapter 1; Chapter 2; Chapter 3; Chapter 4; Chapter 5; Chapter 6; Chapter 7; Chapter 8; Chapter 9; Chapter 10; Chapter 11; Chapter 12; Chapter 13; References; Author Index; Subject Index; About the Editors; Contributors 330 $aThis book brings together prominent investigators to provide a comprehensive guide to doing life course research, including an ?inside view" of how they designed and carried out influential longitudinal studies. Using vivid examples, the contributors trace the connections between early and later experience and reveal how researchers and graduate students can discover these links in their own research. Well-organized chapters describe the best and newest ways to:Use surveys, life records, ethnography, and data archives to collect d 606 $aLife cycle, Human 615 4$aLife cycle, Human. 676 $a150.723 676 $a305.2 700 $aElder$b Jr., Glen H$01570224 701 $aGiele$b Janet Z$0160375 801 0$bAU-PeEL 801 1$bAU-PeEL 801 2$bAU-PeEL 906 $aBOOK 912 $a9910778578103321 996 $aThe Craft of Life Course Research$93843707 997 $aUNINA